[Event "CAN-ch U20 U2100"]
[Site "Toronto CAN"]
[Date "2019.08.08"]
[Round "1.19"]
[White "Ning, Oswin"]
[Black "Ajith, Aayush"]
[Result "1/2-1/2"]
[WhiteElo "1706"]
[BlackElo "1878"]
[PlyCount "62"]
[EventDate "2019.08.08"]
[EventType "swiss"]
[EventRounds "8"]
[EventCountry "CAN"]

1. e4 c5 2. Nf3 d6 3. d4 cxd4 4. Nxd4 Nf6 5. f3 a6 6. c4 e5 7. Nc2 Be6 8. Nc3
Qc7 9. Nd5 Bxd5 10. cxd5 Nbd7 11. Be3 Be7 12. Be2 O-O 13. O-O Nh5 14. Qd2 Nf4
15. Rfc1 Nxe2+ 16. Qxe2 Qd8 17. Na3 Bg5 18. Nc4 Bxe3+ 19. Qxe3 Nf6 20. Qb6
Qxb6+ 21. Nxb6 Rab8 22. Rc7 Rfd8 23. Rac1 Ne8 24. R7c4 Kf8 25. Kf2 Nf6 26. Ke2
Nd7 27. Nc8 Nf6 28. Nb6 Nd7 29. Nc8 Nf6 30. Nb6 Nd7 31. Nc8 Nf6 1/2-1/2

[Event "CAN-ch U20 U2100"]
[Site "Toronto CAN"]
[Date "2019.08.08"]
[Round "1.20"]
[White "Yang, Jingyun (Ryan)"]
[Black "Qu, Edison"]
[Result "1-0"]
[WhiteElo "1875"]
[BlackElo "1591"]
[PlyCount "115"]
[EventDate "2019.08.08"]
[EventType "swiss"]
[EventRounds "8"]
[EventCountry "CAN"]

1. e4 c5 2. c3 g6 3. d4 cxd4 4. cxd4 d5 5. e5 Nc6 6. Nf3 Bg7 7. Nc3 Nh6 8. Qb3
e6 9. Bg5 Qa5 10. Bd2 Qd8 11. Bg5 Qa5 12. Bd2 Qd8 13. Nb5 O-O 14. Nd6 Nf5 15.
Nxf5 exf5 16. Be2 Bd7 17. Qxd5 Qe7 18. O-O h6 19. Bc3 Rfd8 20. Rad1 Be6 21. Qb5
Rac8 22. d5 Nxe5 23. dxe6 Nxf3+ 24. Bxf3 fxe6 25. Bxg7 Qxg7 26. Rxd8+ Rxd8 27.
Qxb7 Rd7 28. Qc8+ Kh7 29. g3 e5 30. Rc1 e4 31. Bg2 Re7 32. b4 Qb2 33. Qc4 Rb7
34. Rd1 Qe5 35. Qc5 Qe6 36. Qa5 Re7 37. Bf1 e3 38. Qd5 e2 39. Qxe6 exf1=Q+ 40.
Kxf1 Rxe6 41. Rd7+ Kg8 42. Rxa7 Rb6 43. a3 Kf8 44. Ke2 Ke8 45. Kd3 Kd8 46. Kc4
Kc8 47. a4 Rb7 48. Rxb7 Kxb7 49. f4 g5 50. h4 gxh4 51. gxh4 Kb6 52. Kd5 Ka6 53.
Kc6 Ka7 54. b5 Kb8 55. a5 h5 56. b6 Kc8 57. a6 Kb8 58. b7 1-0

[Event "CAN-ch U20 U2100"]
[Site "Toronto CAN"]
[Date "2019.08.08"]
[Round "1.21"]
[White "Zhang, Brian"]
[Black "Chen, Richard"]
[Result "0-1"]
[WhiteElo "1526"]
[BlackElo "1852"]
[PlyCount "78"]
[EventDate "2019.08.08"]
[EventType "swiss"]
[EventRounds "8"]
[EventCountry "CAN"]

1. e4 e5 2. Nf3 Nf6 3. Nc3 Nc6 4. Nxe5 Nxe5 5. d4 Ng6 6. e5 Ng8 7. f4 d6 8. Bc4
dxe5 9. fxe5 c5 10. O-O Qxd4+ 11. Qxd4 cxd4 12. Bxf7+ Kd8 13. Bxg6 hxg6 14.
Rxf8+ Ke7 15. Rf3 dxc3 16. Rxc3 Bd7 17. Rc7 Rc8 18. Rxc8 Bxc8 19. Bg5+ Ke6 20.
Rd1 Nh6 21. Rd6+ Kf5 22. Bd2 Nf7 23. g4+ Ke4 24. Rxg6 Nxe5 25. Rxg7 Nf3+ 26.
Kg2 Rxh2+ 27. Kg3 Rxd2 28. Re7+ Ne5 29. g5 Rd7 30. Re8 Rc7 31. g6 Bf5 32. c3
Bxg6 33. Kf2 Bxe8 34. c4 Nxc4 35. a4 Nxb2 36. Kf1 Rc2 37. a5 a6 38. Ke1 Kf3 39.
Kf1 Rc1# 0-1

[Event "CAN-ch U20 U2100"]
[Site "Toronto CAN"]
[Date "2019.08.08"]
[Round "2.11"]
[White "Ma, Yue Ran"]
[Black "Chen, Richard"]
[Result "0-1"]
[WhiteElo "1997"]
[BlackElo "1852"]
[PlyCount "116"]
[EventDate "2019.08.08"]
[EventType "swiss"]
[EventRounds "8"]
[EventCountry "CAN"]

1. e4 e5 2. d4 exd4 3. Qxd4 Nc6 4. Qe3 b6 5. Nc3 Bc5 6. Qg3 Bd4 7. Nd5 Be5 8.
f4 Bf6 9. Nf3 d6 10. Bd3 Bb7 11. O-O h5 12. Nxf6+ Qxf6 13. e5 h4 14. Qh3 dxe5
15. fxe5 Nxe5 16. Nxe5 Qxe5 17. Bf4 Qc5+ 18. Rf2 Ne7 19. Re1 Rd8 20. Be3 Qh5
21. Rfe2 Bc8 22. Qf3 Bg4 23. Bb5+ Kf8 24. Qf4 Bxe2 25. Bxe2 Qa5 26. Rf1 f6 27.
Qxc7 Rc8 28. Qd7 Qe5 29. Qd3 Qxb2 30. Bd4 Qxc2 31. Qf3 Qc6 32. Qg4 Rd8 33. Be3
Qd7 34. Qg5 Qc6 35. Qg4 Rd6 36. a4 Qd7 37. Qf3 Qxa4 38. Qa8+ Qe8 39. Qxa7 Nd5
40. Bf2 Qd7 41. Qb8+ Qd8 42. Qa7 h3 43. Qa3 hxg2 44. Rd1 Kf7 45. Bc4 Re8 46.
Bxd5+ Rxd5 47. Qb3 Ree5 48. Kxg2 b5 49. Bg3 Rh5 50. Ra1 Kf8 51. Qb4+ Kg8 52. h4
Rd2+ 53. Bf2 Qd5+ 54. Kg1 Rd1+ 55. Rxd1 Qxd1+ 56. Kh2 Qd5 57. Qg4 Qf5 58. Qe2
Qf4+ 0-1

[Event "CAN-ch U20 U2100"]
[Site "Toronto CAN"]
[Date "2019.08.08"]
[Round "2.12"]
[White "Liu, Henry"]
[Black "Yuen, Noah"]
[Result "1/2-1/2"]
[WhiteElo "1928"]
[BlackElo "1785"]
[PlyCount "48"]
[EventDate "2019.08.08"]
[EventType "swiss"]
[EventRounds "8"]
[EventCountry "CAN"]

1. c4 e6 2. d4 d5 3. Nc3 Nf6 4. Nf3 Be7 5. e3 O-O 6. Bd3 dxc4 7. Bxc4 c5 8. O-O
Nc6 9. dxc5 Bxc5 10. a3 a6 11. b4 Bb6 12. Bb2 Qxd1 13. Rfxd1 Bd7 14. Na4 Bd8
15. Nc5 Bc8 16. Bd3 Be7 17. Na4 b5 18. Nc3 Bb7 19. Ne4 Rfd8 20. Nxf6+ Bxf6 21.
Bxf6 gxf6 22. Rac1 Ne5 23. Be2 Rac8 24. Nd4 Bd5 1/2-1/2

[Event "CAN-ch U20 U2100"]
[Site "Toronto CAN"]
[Date "2019.08.08"]
[Round "2.13"]
[White "Ramesh, Sanjay"]
[Black "Huang, Ryan"]
[Result "0-1"]
[WhiteElo "1840"]
[BlackElo "1920"]
[PlyCount "40"]
[EventDate "2019.08.08"]
[EventType "swiss"]
[EventRounds "8"]
[EventCountry "CAN"]

1. d4 Nf6 2. c4 c5 3. d5 b5 4. cxb5 a6 5. b6 e6 6. Nc3 exd5 7. Nxd5 Nxd5 8.
Qxd5 Nc6 9. Nf3 Rb8 10. Bd2 Be7 11. e4 O-O 12. Bd3 Rxb6 13. Bc3 Nb4 14. Bxb4
Rxb4 15. Rb1 Bb7 16. Qf5 g6 17. Qf4 f5 18. Qd2 fxe4 19. a3 Rb6 20. Bc4+ d5 0-1

[Event "CAN-ch U20 U2100"]
[Site "Toronto CAN"]
[Date "2019.08.08"]
[Round "2.14"]
[White "Xu, Alex"]
[Black "Yang, Jingyun (Ryan)"]
[Result "1-0"]
[WhiteElo "1763"]
[BlackElo "1875"]
[PlyCount "117"]
[EventDate "2019.08.08"]
[EventType "swiss"]
[EventRounds "8"]
[EventCountry "CAN"]

1. e4 e5 2. Nf3 Nc6 3. Bc4 Bc5 4. c3 Nf6 5. d4 exd4 6. cxd4 Bb4+ 7. Bd2 Bxd2+
8. Nbxd2 d5 9. exd5 Nxd5 10. Qb3 Na5 11. Qa4+ Nc6 12. Qb3 Nce7 13. O-O O-O 14.
Ne4 h6 15. Rac1 c6 16. h3 Nb6 17. Rfd1 Nxc4 18. Qxc4 Nd5 19. Nc5 Rb8 20. Ne5
Nf4 21. Nf3 Qf6 22. Ne4 Nxh3+ 23. Kf1 Qg6 24. Nc5 Nf4 25. g3 Qh5 26. Ng1 Nh3
27. Kg2 Nxg1 28. Kxg1 Bh3 29. Rd3 Bg4 30. Qc3 Rfe8 31. Re3 Rxe3 32. fxe3 Qh3
33. e4 b6 34. Nb3 Re8 35. Rc2 Rxe4 36. Rh2 Re2 37. Rxh3 Bxh3 38. Qxc6 Rxb2 39.
Qa8+ Kh7 40. Qxa7 f5 41. d5 Rb1+ 42. Kf2 Bg4 43. Qxb6 Rb2+ 44. Ke3 Re2+ 45. Kd3
Rxa2 46. d6 f4 47. gxf4 Ra4 48. Nd4 h5 49. f5 Rxd4+ 50. Qxd4 Bxf5+ 51. Ke3 g5
52. d7 Bxd7 53. Qxd7+ Kg6 54. Qe6+ Kg7 55. Ke4 h4 56. Kf5 h3 57. Qe7+ Kh6 58.
Qf7 h2 59. Qg6# 1-0

[Event "CAN-ch U20 U2100"]
[Site "Toronto CAN"]
[Date "2019.08.08"]
[Round "2.15"]
[White "Ajith, Aayush"]
[Black "Yang, Brian"]
[Result "0-1"]
[WhiteElo "1878"]
[BlackElo "1974"]
[PlyCount "52"]
[EventDate "2019.08.08"]
[EventType "swiss"]
[EventRounds "8"]
[EventCountry "CAN"]

1. d4 Nf6 2. Nf3 e6 3. e3 c5 4. c3 Nc6 5. Bd3 d5 6. O-O Bd6 7. Nbd2 O-O 8. e4
dxe4 9. Nxe4 cxd4 10. Nxf6+ gxf6 11. cxd4 Ne7 12. Bh6 Re8 13. Nd2 Ng6 14. Ne4
Be7 15. Bc2 b6 16. Qf3 Rb8 17. Bf4 Nxf4 18. Qxf4 Bb7 19. Rfd1 f5 20. Nc3 Bd6
21. Qd2 Qc7 22. h3 Bf4 23. Qe2 Kh8 24. f3 Rbd8 25. Nb5 Qb8 26. Bb3 Rg8 0-1

[Event "CAN-ch U20 U2100"]
[Site "Toronto CAN"]
[Date "2019.08.08"]
[Round "2.16"]
[White "Xiao, Edward"]
[Black "Ning, Oswin"]
[Result "0-1"]
[WhiteElo "1831"]
[BlackElo "1706"]
[PlyCount "70"]
[EventDate "2019.08.08"]
[EventType "swiss"]
[EventRounds "8"]
[EventCountry "CAN"]

1. d4 d5 2. c4 c6 3. e3 Nf6 4. Nc3 e6 5. Nf3 Nbd7 6. Bd2 Bd6 7. Bd3 O-O 8. cxd5
exd5 9. O-O Re8 10. Qc2 Qe7 11. Nh4 g6 12. Nf3 Ne4 13. a3 Ndf6 14. b4 Qc7 15.
h3 Bd7 16. Rfc1 Qc8 17. Kf1 Bxh3 18. gxh3 Qxh3+ 19. Ke2 Nxf2 20. Be1 Nxd3 21.
Qxd3 Qg2+ 22. Bf2 Ne4 23. Nd1 Bg3 24. Ne1 Qh2 25. Nf3 Nxf2 26. Qxg6+ fxg6 27.
Nxh2 Nxd1 28. Nf1 Nxe3 29. Nxe3 Bf4 30. Rc3 Bxe3 31. Rxe3 Rxe3+ 32. Kxe3 Kg7
33. Kd2 b5 34. Re1 Rf8 35. Re7+ Rf7 0-1

[Event "CAN-ch U20 U2100"]
[Site "Toronto CAN"]
[Date "2019.08.08"]
[Round "2.17"]
[White "Sharma, Vishruth"]
[Black "Raninga, Aditya"]
[Result "0-1"]
[WhiteElo "1758"]
[BlackElo "2044"]
[PlyCount "56"]
[EventDate "2019.08.08"]
[EventType "swiss"]
[EventRounds "8"]
[EventCountry "CAN"]

1. e4 Nc6 2. d4 e5 3. dxe5 Nxe5 4. f4 Ng6 5. Be3 Bb4+ 6. Nd2 d6 7. Ngf3 Nf6 8.
Bd3 Ng4 9. Qe2 Nxe3 10. Qxe3 Qf6 11. f5 Qxb2 12. Ke2 Bxd2 13. Qxd2 Ne5 14. Nd4
Bd7 15. Nb3 Nxd3 16. Qxd3 Qe5 17. Kf2 O-O 18. Nd4 Qf4+ 19. Nf3 Bc6 20. Rae1
Rfe8 21. g3 Qh6 22. Re3 Re7 23. h4 Rae8 24. Rhe1 Qh5 25. Kg2 Qg4 26. Nh2 Qxf5
27. g4 Qf4 28. Rf1 Bxe4+ 0-1

[Event "CAN-ch U20 U2100"]
[Site "Toronto CAN"]
[Date "2019.08.08"]
[Round "2.18"]
[White "Ning, Alwin"]
[Black "Zhang, Brian"]
[Result "1/2-1/2"]
[WhiteElo "1969"]
[BlackElo "1526"]
[PlyCount "62"]
[EventDate "2019.08.08"]
[EventType "swiss"]
[EventRounds "8"]
[EventCountry "CAN"]

1. e4 c6 2. d4 d5 3. Nd2 e6 4. c3 Bd6 5. Bd3 Ne7 6. Ngf3 O-O 7. O-O Ng6 8. Re1
Nd7 9. e5 Be7 10. Nf1 c5 11. Ng3 c4 12. Bc2 b5 13. Bd2 a5 14. a3 Qb6 15. Bg5 h6
16. Bxe7 Nxe7 17. Nh4 Bb7 18. Qg4 Kh8 19. Nh5 Rg8 20. Qf4 Rgf8 21. Nf6 Nxf6 22.
exf6 g5 23. Qg4 Ng8 24. Nf3 Nxf6 25. Qh3 Kg7 26. Re5 Rg8 27. Rae1 Rae8 28. Qg3
Kf8 29. Qh3 Kg7 30. Qg3 Kf8 31. Qh3 Kg7 1/2-1/2

[Event "CAN-ch U20 U2100"]
[Site "Toronto CAN"]
[Date "2019.08.08"]
[Round "2.19"]
[White "Locham, Divjot"]
[Black "Xie, Austin"]
[Result "1/2-1/2"]
[WhiteElo "1708"]
[BlackElo "1954"]
[PlyCount "40"]
[EventDate "2019.08.08"]
[EventType "swiss"]
[EventRounds "8"]
[EventCountry "CAN"]

1. e4 e6 2. d4 d5 3. Nd2 Nf6 4. e5 Nfd7 5. Bd3 c5 6. c3 Nc6 7. Ne2 cxd4 8. cxd4
Bb4 9. O-O O-O 10. Nf3 f6 11. exf6 Nxf6 12. Nf4 Bd6 13. Re1 Re8 14. Bc2 Qc7 15.
Nd3 e5 16. dxe5 Nxe5 17. Nfxe5 Bxe5 18. Rxe5 Rxe5 19. Bf4 Re1+ 20. Qxe1 Qxc2
1/2-1/2

[Event "CAN-ch U20 U2100"]
[Site "Toronto CAN"]
[Date "2019.08.08"]
[Round "2.20"]
[White "Qu, Edison"]
[Black "He, Matthew"]
[Result "0-1"]
[WhiteElo "1591"]
[BlackElo "1832"]
[PlyCount "112"]
[EventDate "2019.08.08"]
[EventType "swiss"]
[EventRounds "8"]
[EventCountry "CAN"]

1. e4 c6 2. d4 d5 3. Nc3 dxe4 4. Nxe4 Bf5 5. Ng3 Bg6 6. Nf3 Nd7 7. Bc4 e6 8.
O-O Ngf6 9. Re1 Be7 10. c3 h6 11. Bb3 O-O 12. Qe2 Qc7 13. Bxe6 fxe6 14. Qxe6+
Rf7 15. Nh4 Nf8 16. Qb3 Nd5 17. c4 Bxh4 18. cxd5 Bxg3 19. hxg3 cxd5 20. Bf4 Qc4
21. Qe3 Qd3 22. Qe5 Qf5 23. Qe3 Rf6 24. Qb3 Rb6 25. Qa3 Qd3 26. Qc5 Qc4 27. b3
Qxc5 28. dxc5 Rc6 29. Be3 a5 30. Rad1 Bf7 31. Bd4 Ne6 32. Be3 d4 33. Bxd4 Nxd4
34. Rxd4 Rac8 35. Rd7 R6c7 36. Rd6 Rxc5 37. Re7 R5c7 38. Re1 Rc1 39. Rd8+ Rxd8
40. Rxc1 Rd2 41. Ra1 a4 42. bxa4 Rxa2 43. Rb1 Bd5 44. Rb4 Bc6 45. Kf1 Rxa4 46.
Rxa4 Bxa4 47. Ke2 b5 48. Kd2 b4 49. Kc1 Bc6 50. f3 b3 51. Kb2 Bd5 52. g4 Kf7
53. Kc3 Kf6 54. Kd2 Kg5 55. g3 g6 56. Kc3 Bxf3 0-1

[Event "CAN-ch U20 U2100"]
[Site "Toronto CAN"]
[Date "2019.08.09"]
[Round "3.11"]
[White "Huang, Ryan"]
[Black "Xu, Alex"]
[Result "1-0"]
[WhiteElo "1920"]
[BlackElo "1763"]
[PlyCount "69"]
[EventDate "2019.08.08"]
[EventType "swiss"]
[EventRounds "8"]
[EventCountry "CAN"]

1. d4 Nf6 2. c4 g6 3. Nc3 Bg7 4. e4 d6 5. f3 O-O 6. Be3 Nc6 7. Nge2 e5 8. d5
Ne7 9. g4 Ne8 10. Ng3 f5 11. gxf5 gxf5 12. Nh5 f4 13. Bf2 Ng6 14. Nxg7 Nxg7 15.
Qc2 Bd7 16. O-O-O Qe7 17. Kb1 Rfb8 18. h4 h5 19. Bd3 a6 20. Rdg1 Nf8 21. Rg2
Kh7 22. Rg5 Be8 23. Rhg1 Ng6 24. Bf1 b5 25. Bh3 Kh6 26. c5 dxc5 27. Bf5 Nxf5
28. exf5 Nh8 29. Ne4 Qf7 30. Rg6+ Nxg6 31. Rxg6+ Qxg6 32. fxg6 Bxg6 33. Qxc5
Rd8 34. Qc6 Rd6 35. Qxa8 1-0

[Event "CAN-ch U20 U2100"]
[Site "Toronto CAN"]
[Date "2019.08.09"]
[Round "3.13"]
[White "Chen, Richard"]
[Black "Yang, Brian"]
[Result "1/2-1/2"]
[WhiteElo "1852"]
[BlackElo "1974"]
[PlyCount "66"]
[EventDate "2019.08.08"]
[EventType "swiss"]
[EventRounds "8"]
[EventCountry "CAN"]

1. d4 Nf6 2. c4 e6 3. Nf3 b6 4. Nc3 Bb7 5. Qc2 c5 6. e3 Nc6 7. Be2 Be7 8. O-O
cxd4 9. exd4 d5 10. cxd5 Nxd5 11. Bb5 O-O 12. a3 Rc8 13. Bd2 Nxd4 14. Nxd4 Nxc3
15. Bxc3 Qd5 16. f3 Qxd4+ 17. Bxd4 Rxc2 18. Bc3 Bc5+ 19. Kh1 g5 20. Bd3 Rf2 21.
Rxf2 Bxf2 22. Rd1 Bd5 23. b4 f5 24. Be5 Be3 25. Re1 Rc8 26. Bb2 f4 27. h3 h6
28. Re2 Bc1 29. Ba6 Rc6 30. Bb5 Rc8 31. Ba6 Rc6 32. Bb5 Rc8 33. Ba6 Rc6 1/2-1/2

[Event "CAN-ch U20 U2100"]
[Site "Toronto CAN"]
[Date "2019.08.09"]
[Round "3.15"]
[White "Ning, Oswin"]
[Black "Liu, Henry"]
[Result "1/2-1/2"]
[WhiteElo "1706"]
[BlackElo "1928"]
[PlyCount "80"]
[EventDate "2019.08.08"]
[EventType "swiss"]
[EventRounds "8"]
[EventCountry "CAN"]

1. e4 e6 2. d4 d5 3. Nd2 Nf6 4. Bd3 Be7 5. Ngf3 O-O 6. O-O b6 7. c3 Ba6 8. Bxa6
Nxa6 9. exd5 Nxd5 10. Ne5 c5 11. Nc6 Qc7 12. Nxe7+ Qxe7 13. Nf3 cxd4 14. Qxd4
h6 15. Qg4 Kh8 16. Qh3 Kg8 17. Qg4 Nf6 18. Qg3 Ne4 19. Qg4 f5 20. Qf4 Nac5 21.
Ne5 g5 22. Qf3 Qf6 23. Nd3 Rad8 24. Nxc5 Nxc5 25. Be3 Ne4 26. Qe2 e5 27. f3 Nd6
28. Rad1 f4 29. Bf2 Nf5 30. Rxd8 Rxd8 31. Re1 Re8 32. Bd4 Qe6 33. Qxe5 Nxd4 34.
cxd4 Qxe5 35. dxe5 Kf7 36. Kf2 Ke6 37. Ke2 Rd8 38. Kf2 Rd2+ 39. Re2 Rxe2+ 40.
Kxe2 Kxe5 1/2-1/2

[Event "CAN-ch U20 U2100"]
[Site "Toronto CAN"]
[Date "2019.08.09"]
[Round "3.15"]
[White "Yuen, Noah"]
[Black "Raninga, Aditya"]
[Result "1/2-1/2"]
[WhiteElo "1785"]
[BlackElo "2044"]
[PlyCount "95"]
[EventDate "2019.08.08"]
[EventType "swiss"]
[EventRounds "8"]
[EventCountry "CAN"]

1. d4 Nf6 2. c4 e5 3. dxe5 Ng4 4. Nf3 Bc5 5. e3 Nc6 6. Nc3 Ngxe5 7. Be2 d6 8.
a3 a5 9. O-O O-O 10. b3 Nxf3+ 11. Bxf3 Ne5 12. Ne4 Bb6 13. Bb2 Re8 14. Bxe5
Rxe5 15. b4 Qe7 16. Nc3 c6 17. Qd3 g6 18. Rfd1 Bc7 19. b5 Bd7 20. bxc6 bxc6 21.
Nb5 Bf5 22. Qd2 Be4 23. Bxe4 Rxe4 24. Nxc7 Qxc7 25. Qd3 Re6 26. Rab1 Rb8 27.
Rxb8+ Qxb8 28. Rb1 Qa7 29. g3 Qc5 30. Rb8+ Kg7 31. Rd8 Qe5 32. Qd4 Qxd4 33.
exd4 Re1+ 34. Kg2 Rc1 35. Rxd6 Rxc4 36. d5 cxd5 37. Rxd5 a4 38. Ra5 Kf6 39. Ra7
Ke6 40. h4 h5 41. Kf1 Re4 42. Ra5 f6 43. f3 Rc4 44. Ke2 Rc2+ 45. Kf1 Rc1+ 46.
Ke2 Rc2+ 47. Kf1 Rc4 48. Ke2 1/2-1/2

[Event "CAN-ch U20 U2100"]
[Site "Toronto CAN"]
[Date "2019.08.09"]
[Round "3.16"]
[White "Yang, Jingyun (Ryan)"]
[Black "Ma, Yue Ran"]
[Result "0-1"]
[WhiteElo "1875"]
[BlackElo "1997"]
[PlyCount "146"]
[EventDate "2019.08.08"]
[EventType "swiss"]
[EventRounds "8"]
[EventCountry "CAN"]

1. e4 d5 2. exd5 Qxd5 3. Nc3 Qd6 4. Nf3 Nf6 5. h3 c6 6. Bc4 Bf5 7. d3 e6 8. Qe2
Nbd7 9. O-O Be7 10. Bd2 O-O 11. Nh4 Bg6 12. Nxg6 hxg6 13. Ne4 Nxe4 14. dxe4
Rad8 15. Rad1 Qc7 16. a3 Bf6 17. b3 b5 18. Bd3 a5 19. Qe1 Ra8 20. Bc3 Rfb8 21.
Be2 c5 22. f4 b4 23. Bxf6 Nxf6 24. e5 Nd5 25. Bf3 bxa3 26. Bxd5 exd5 27. Rxd5
a4 28. Qe3 axb3 29. Rxc5 Qxc5 30. Qxc5 b2 31. e6 fxe6 32. Qc6 b1=Q 33. Rxb1
Rxb1+ 34. Kh2 Rf8 35. Qxe6+ Kh7 36. Qa2 Rb4 37. Qxa3 Rfxf4 38. Qd3 Rfd4 39. Qg3
Rbc4 40. Qf2 Rd5 41. g4 Rcd4 42. Qh4+ Rh5 43. Qf2 Rxg4 44. Qe2 Rgh4 45. Qd3 Rc5
46. Kh1 Rhc4 47. Qd8 Rxc2 48. h4 Rh5 49. Kg1 Rc4 50. Qa8 Rhxh4 51. Kf2 Rhf4+
52. Kg3 Rf5 53. Qh1+ Rh5 54. Qa8 Rcc5 55. Kg4 Rcf5 56. Qd8 Rh2 57. Kg3 Rh1 58.
Kg2 Rhh5 59. Kg3 Rhg5+ 60. Kh4 Rg1 61. Kh3 Rh5+ 62. Qh4 Rxh4+ 63. Kxh4 Kh6 64.
Kh3 g5 65. Kh2 Ra1 66. Kg3 Kg6 67. Kg4 Ra4+ 68. Kf3 g4+ 69. Kg2 Kh5 70. Kg1 Kh4
71. Kf1 Kh3 72. Kg1 Ra2 73. Kh1 Ra1# 0-1

[Event "CAN-ch U20 U2100"]
[Site "Toronto CAN"]
[Date "2019.08.09"]
[Round "3.17"]
[White "He, Matthew"]
[Black "Ramesh, Sanjay"]
[Result "0-1"]
[WhiteElo "1832"]
[BlackElo "1840"]
[PlyCount "94"]
[EventDate "2019.08.08"]
[EventType "swiss"]
[EventRounds "8"]
[EventCountry "CAN"]

1. d4 d5 2. c4 e6 3. Nc3 Nf6 4. cxd5 exd5 5. Bg5 Be7 6. e3 O-O 7. Bd3 Nbd7 8.
Nf3 Re8 9. Qc2 Nf8 10. O-O g6 11. Rab1 Ne6 12. Bxf6 Bxf6 13. Rfc1 Ng7 14. Ne2
c6 15. Ng3 h5 16. h3 h4 17. Ne2 Bf5 18. b4 Rc8 19. Nc3 b5 20. a4 a6 21. axb5
axb5 22. Nd2 Bxd3 23. Qxd3 Nf5 24. Nb3 Nd6 25. Na5 Nc4 26. Ra1 Qd7 27. Nxc4
dxc4 28. Ne4 Be7 29. Qc2 Ra8 30. Nc5 Bxc5 31. bxc5 Ra7 32. Ra2 Rea8 33. Rca1
Rxa2 34. Rxa2 Rxa2 35. Qxa2 Qd5 36. Qa3 Qe4 37. Qc3 Qb1+ 38. Kh2 Qb3 39. Qa5 c3
40. Qd8+ Kg7 41. e4 c2 42. e5 Qe6 43. Qg5 Qf5 44. Qd2 b4 45. f3 b3 46. g4 hxg3+
47. Kxg3 b2 0-1

[Event "CAN-ch U20 U2100"]
[Site "Toronto CAN"]
[Date "2019.08.09"]
[Round "3.18"]
[White "Locham, Divjot"]
[Black "Ning, Alwin"]
[Result "1-0"]
[WhiteElo "1708"]
[BlackElo "1969"]
[PlyCount "45"]
[EventDate "2019.08.08"]
[EventType "swiss"]
[EventRounds "8"]
[EventCountry "CAN"]

1. e4 e5 2. Nf3 Nc6 3. d4 exd4 4. Nxd4 Nf6 5. Nxc6 bxc6 6. Bd3 Bc5 7. Nc3 O-O
8. O-O Re8 9. Bg5 Qe7 10. Kh1 d6 11. f4 Qe6 12. h3 a5 13. Qf3 Ba6 14. Bxa6 Rxa6
15. Rae1 Raa8 16. e5 Nd5 17. f5 Qd7 18. Nxd5 cxd5 19. Qxd5 Qb5 20. e6 fxe6 21.
fxe6 Qxb2 22. e7+ Kh8 23. Qxa8 1-0

[Event "CAN-ch U20 U2100"]
[Site "Toronto CAN"]
[Date "2019.08.09"]
[Round "3.19"]
[White "Xie, Austin"]
[Black "Xiao, Edward"]
[Result "1/2-1/2"]
[WhiteElo "1954"]
[BlackElo "1831"]
[PlyCount "56"]
[EventDate "2019.08.08"]
[EventType "swiss"]
[EventRounds "8"]
[EventCountry "CAN"]

1. e4 c5 2. Nc3 Nc6 3. f4 g6 4. Nf3 Bg7 5. Bc4 d6 6. d3 e6 7. O-O Nge7 8. a4 a6
9. Qe1 Nb4 10. Qe2 O-O 11. Nd1 d5 12. Bb3 Nbc6 13. Nf2 Nd4 14. Nxd4 Bxd4 15.
Kh1 Bd7 16. Ng4 Bg7 17. Qf2 dxe4 18. dxe4 Bc6 19. Be3 Bxe4 20. Rad1 Qc7 21.
Bxc5 Rfe8 22. Bb6 Qc6 23. Rd2 Bxg2+ 24. Qxg2 Qxb6 25. Rd7 Qc6 26. Rxb7 Qxg2+
27. Kxg2 Nf5 28. Re1 Reb8 1/2-1/2

[Event "CAN-ch U20 U2100"]
[Site "Toronto CAN"]
[Date "2019.08.09"]
[Round "3.20"]
[White "Zhang, Brian"]
[Black "Ajith, Aayush"]
[Result "0-1"]
[WhiteElo "1526"]
[BlackElo "1878"]
[Annotator ",Hugh"]
[PlyCount "54"]
[EventDate "2019.08.08"]
[EventType "swiss"]
[EventRounds "8"]
[EventCountry "CAN"]

1. d4 Nf6 2. Bf4 d5 3. Nf3 e6 4. e3 Bd6 5. Bg3 O-O 6. Bd3 Nbd7 7. Nbd2 b6 8. c3
Bb7 9. Qc2 Qe7 10. O-O-O c5 11. Bh4 Qe8 12. g4 c4 13. Be2 Qc8 14. Bxf6 Nxf6 15.
Rdg1 b5 16. h4 b4 17. g5 Nd7 18. g6 bxc3 19. gxh7+ Kh8 20. Qxc3 a5 21. a3 Nb6
22. Qc2 Qe8 23. Nb1 Na4 24. Nc3 Nxc3 25. Qxc3 Qe7 26. h5 Bb4 27. Qc2 c3 {Time.}
0-1

[Event "CAN-ch U20 U2100"]
[Site "Toronto CAN"]
[Date "2019.08.09"]
[Round "3.21"]
[White "Qu, Edison"]
[Black "Sharma, Vishruth"]
[Result "1/2-1/2"]
[WhiteElo "1591"]
[BlackElo "1758"]
[PlyCount "44"]
[EventDate "2019.08.08"]
[EventType "swiss"]
[EventRounds "8"]
[EventCountry "CAN"]

1. e4 e5 2. Nf3 Nc6 3. Bc4 Nf6 4. d3 Be7 5. c3 d6 6. Bb3 O-O 7. Nbd2 Kh8 8. Nf1
Be6 9. Bc2 Qd7 10. Ng3 g6 11. Qe2 Ng8 12. d4 Bg4 13. d5 Nd8 14. h3 Bxf3 15.
Qxf3 c6 16. c4 cxd5 17. cxd5 Rc8 18. Bd3 f6 19. Be3 Nf7 20. Qe2 a6 21. O-O Ngh6
22. Qd2 Kg7 1/2-1/2

[Event "CAN-ch U20 U2100"]
[Site "Toronto CAN"]
[Date "2019.08.09"]
[Round "4.12"]
[White "Chen, Richard"]
[Black "Huang, Ryan"]
[Result "0-1"]
[WhiteElo "1852"]
[BlackElo "1920"]
[PlyCount "128"]
[EventDate "2019.08.08"]
[EventType "swiss"]
[EventRounds "8"]
[EventCountry "CAN"]

1. d4 Nf6 2. c4 c5 3. d5 b5 4. cxb5 a6 5. bxa6 g6 6. Nc3 Bxa6 7. Nf3 Bg7 8. g3
O-O 9. Bg2 d6 10. O-O Nbd7 11. Bd2 Nb6 12. Ng5 Nc4 13. Qc2 Qa5 14. a3 Rfb8 15.
Rfb1 Nd7 16. Bh3 Nxd2 17. Qxd2 Ne5 18. b4 Qc7 19. b5 Bc8 20. Bxc8 Qxc8 21. a4
h6 22. Nf3 Nxf3+ 23. exf3 Qf5 24. Rb3 Qxf3 25. Qe3 Qg4 26. Rba3 Qb4 27. Na2 Qb2
28. Re1 Bd4 29. Re2 Qb1+ 30. Re1 Qb2 31. Re2 Qb1+ 32. Re1 Qf5 33. Qe2 Rxb5 34.
Rf3 Qxd5 35. axb5 Rxa2 36. Qe4 Qxe4 37. Rxe4 e5 38. Rb3 c4 39. Rb1 c3 40. b6
Bxf2+ 41. Kf1 c2 42. Rc1 Bxb6 43. Rc4 Ra3 44. R4xc2 Bc5 45. Rc3 Ra2 46. R1c2
Ra4 47. Ke2 Kg7 48. Rc4 Ra3 49. R2c3 Ra2+ 50. Rc2 Ra7 51. Kd3 Kf6 52. h4 h5 53.
Rc1 Ke6 54. Rd1 f5 55. Kd2 Ra3 56. Rb1 Rxg3 57. Rb8 f4 58. Re8+ Kd5 59. Rc2 f3
60. Rf8 Bd4 61. Ke1 Rg1+ 62. Kd2 Rg2+ 63. Kd1 f2 64. Re2 Rg1+ 0-1

[Event "CAN-ch U20 U2100"]
[Site "Toronto CAN"]
[Date "2019.08.09"]
[Round "4.13"]
[White "Ma, Yue Ran"]
[Black "Yuen, Noah"]
[Result "1/2-1/2"]
[WhiteElo "1997"]
[BlackElo "1785"]
[PlyCount "64"]
[EventDate "2019.08.08"]
[EventType "swiss"]
[EventRounds "8"]
[EventCountry "CAN"]

1. e4 c5 2. Nf3 d6 3. d4 cxd4 4. Nxd4 Nf6 5. Nc3 a6 6. Be2 e6 7. O-O Be7 8. f4
Nbd7 9. a4 Qc7 10. Kh1 b6 11. Bf3 Bb7 12. Qe2 O-O 13. e5 Bxf3 14. Nxf3 dxe5 15.
fxe5 Nd5 16. Nxd5 exd5 17. e6 Nc5 18. exf7+ Rxf7 19. Bg5 Raf8 20. Bxe7 Rxe7 21.
Qd2 Qb7 22. Ng5 Rfe8 23. Qf4 h6 24. Nf3 Rf8 25. Qd2 Ne4 26. Qd4 Rf4 27. Qd3
Ref7 28. Rad1 R4f5 29. Kg1 Ng5 30. Qd4 Rf4 31. Qe5 R4f5 32. Qd4 Rf4 1/2-1/2

[Event "CAN-ch U20 U2100"]
[Site "Toronto CAN"]
[Date "2019.08.09"]
[Round "4.14"]
[White "Yang, Brian"]
[Black "Ning, Oswin"]
[Result "1/2-1/2"]
[WhiteElo "1974"]
[BlackElo "1706"]
[PlyCount "75"]
[EventDate "2019.08.08"]
[EventType "swiss"]
[EventRounds "8"]
[EventCountry "CAN"]

1. e4 e5 2. Nf3 Nc6 3. d4 exd4 4. Nxd4 Bc5 5. Nxc6 bxc6 6. Bd3 Nf6 7. O-O O-O
8. Nc3 d5 9. Bg5 Be7 10. Re1 Bb7 11. Qf3 d4 12. Ne2 c5 13. Qh3 c4 14. Bxc4 Bxe4
15. Rad1 Bxc2 16. Rxd4 Qc8 17. Qf3 Rd8 18. Rxd8+ Bxd8 19. Nd4 Bg6 20. Nc6 h6
21. Bxf6 Bxf6 22. Ne7+ Bxe7 23. Rxe7 Qf8 24. Bxf7+ Bxf7 25. Rxf7 Qxf7 26. Qxa8+
Kh7 27. Qxa7 Qc4 28. h3 Qc1+ 29. Kh2 Qxb2 30. a4 Qe5+ 31. g3 c5 32. Qf7 Qa1 33.
Qc4 Qa3 34. Qe4+ Kg8 35. Qe8+ Kh7 36. Qa8 Qa2 37. Qe4+ Kg8 38. Qe8+ 1/2-1/2